Analýza zapojenia štátov Južnej Ameriky do medzinárodnej legislatívy v oblasti kontroly a obchodu s konvenčnými zbraňami

Spoločné a rozdielne znaky zapojenia krajín regiónu do medzinárodnej legislatívy týkajúcej sa konvenčných zbraní, ako aj dôvody ich nepristúpenia. Zvolená medzinárodná legislatíva zahŕňa smerodajné zmluvy a dohovory s globálnym alebo regionálnym dosahom, zamerané na zbrane ako celok alebo na jednotl...

Full description

Saved in:
Bibliographic Details
Main Author: Chrvalová, Lujza, 1994-
Format: Book Chapter
Language:Slovak
Subjects:
Tags: Add Tag
No Tags, Be the first to tag this record!

MARC

LEADER 00000naa$a2200000$$$4500
001 0271539
005 20240502074258.7
041 0 |a slo 
044 |a SK 
245 1 0 |a Analýza zapojenia štátov Južnej Ameriky do medzinárodnej legislatívy v oblasti kontroly a obchodu s konvenčnými zbraňami  |c Lujza Chrvalová 
520 |a Spoločné a rozdielne znaky zapojenia krajín regiónu do medzinárodnej legislatívy týkajúcej sa konvenčných zbraní, ako aj dôvody ich nepristúpenia. Zvolená medzinárodná legislatíva zahŕňa smerodajné zmluvy a dohovory s globálnym alebo regionálnym dosahom, zamerané na zbrane ako celok alebo na jednotlivé typy zbraní, na obchod so zbraňami a súvisiacimi technológiami alebo ich kontrolu. 
610 2 0 |a legislatíva 
610 2 0 |a zbrane 
610 2 0 |a zbrojenie 
610 2 0 |a Amerika 
100 1 |a Chrvalová, Lujza, 1994-